[Event "Rochefort Master 2019"]
[Site "Palais des CongrÃ¨s"]
[Date "2019.02.16"]
[Round "9.7"]
[White "Gao, Etienne"]
[Black "Martinez Duany, Lelys Stanley"]
[Result "0-1"]
[WhiteElo "2306"]
[BlackElo "2547"]
[PlyCount "70"]
[EventDate "2019.??.??"]
[WhiteTeam "Echiquier Club Le Mans"]

1. e4 c5 2. Nf3 Nc6 3. d4 cxd4 4. Nxd4 g6 5. c4 Bg7 6. Be3 Nf6 7. Nc3 d6 8. Be2
Bd7 9. O-O O-O 10. f3 Qb6 11. Rb1 Ng4 12. fxg4 Bxd4 13. Bxd4 Qxd4+ 14. Rf2
Qxd1+ 15. Rxd1 Be6 16. g5 Ne5 17. c5 dxc5 18. Nd5 Nc6 19. Rc1 b6 20. Nc7 Rad8
21. Nxe6 fxe6 22. Bc4 Rxf2 23. Kxf2 Rd2+ 24. Ke3 Rxg2 25. Bxe6+ Kg7 26. h4 Nd4
27. Bc4 b5 28. Bd5 Rg3+ 29. Kf2 Rf3+ 30. Kg2 c4 31. a4 a6 32. Rf1 Rxf1 33. Kxf1
e6 34. Bb7 bxa4 35. Bxa6 Nb3 0-1

[Event "Rochefort Master 2019"]
[Site "Palais des CongrÃ¨s"]
[Date "2019.02.16"]
[Round "9.8"]
[White "Yu, Ruiyuan"]
[Black "Harutyunyan, Ruben"]
[Result "1-0"]
[WhiteElo "2491"]
[BlackElo "2299"]
[PlyCount "115"]
[EventDate "2019.??.??"]
[BlackTeam "Clichy-Echecs-92"]

1. e4 c5 2. Nf3 Nc6 3. d4 cxd4 4. Nxd4 Nf6 5. Nc3 d6 6. Bg5 e6 7. Qd2 a6 8.
O-O-O Bd7 9. f4 h6 10. Bh4 g5 11. fxg5 Ng4 12. Nxc6 Bxc6 13. Qf4 hxg5 14. Bxg5
Qxg5 15. Qxg5 Bh6 16. Qxh6 Rxh6 17. Rxd6 Nf2 18. Rg1 Rxh2 19. g4 Rh4 20. Be2
Ke7 21. e5 Rg8 22. g5 Rh1 23. Rxh1 Nxh1 24. Bxa6 Rxg5 25. Bc4 Rxe5 26. Rd4 Ng3
27. Bd3 Nf5 28. Rf4 Nd6 29. a4 Rh5 30. b4 e5 31. Rf2 e4 32. Be2 Rh3 33. Kb2 e3
34. Rf4 f5 35. b5 Bg2 36. a5 Ke6 37. a6 Ke5 38. a7 Rh8 39. Rh4 Ra8 40. Rh2 Be4
41. Nxe4 Kxe4 42. b6 Nc8 43. Ba6 Nd6 44. Rh6 Ke5 45. Kc1 Rd8 46. Rxd6 Kxd6 47.
Bxb7 Kc5 48. a8=Q Rxa8 49. Bxa8 Kxb6 50. Bf3 Kc5 51. c3 Kc4 52. Kc2 Kc5 53. Kd3
f4 54. Be2 Kd5 55. c4+ Ke5 56. Bf3 Kd6 57. Kd4 Ke6 58. c5 1-0

[Event "Rochefort Master 2019"]
[Site "Palais des CongrÃ¨s"]
[Date "2019.02.16"]
[Round "9.9"]
[White "Lemeaux, David"]
[Black "Prie, Eric"]
[Result "1-0"]
[WhiteElo "2246"]
[BlackElo "2456"]
[PlyCount "71"]
[EventDate "2019.??.??"]
[WhiteTeam "AGJA-Echiquier Aquitaine"]
[BlackTeam "Echiquier Carcassonnais "]

1. c4 Nf6 2. Nf3 c6 3. d4 e6 4. e3 Bb4+ 5. Nbd2 d6 6. a3 Bxd2+ 7. Qxd2 a5 8. b3
O-O 9. Be2 b6 10. O-O Bb7 11. Qc2 Qc7 12. Nd2 c5 13. Bb2 Nc6 14. dxc5 bxc5 15.
Bc3 Ne8 16. Rad1 f5 17. Bf3 Qb6 18. Rb1 Nf6 19. Rfd1 Rf7 20. Nf1 Rd8 21. Ng3
Rdd7 22. Nh5 Ne4 23. Bxe4 fxe4 24. Qb2 d5 25. Bxg7 d4 26. Bf6 e5 27. Qe2 Rd6
28. Qg4+ Kf8 29. Qg5 Re6 30. Bg7+ Ke8 31. Nf6+ Rexf6 32. Bxf6 Bc8 33. Bxe5 Rf5
34. Qg8+ Rf8 35. Qg5 Bf5 36. Bd6 1-0

[Event "Rochefort Master 2019"]
[Site "Palais des CongrÃ¨s"]
[Date "2019.02.16"]
[Round "9.11"]
[White "Bobadilla Viera, Jorge Samuel"]
[Black "Solozhenkina, Elizaveta"]
[Result "1-0"]
[WhiteElo "2318"]
[BlackElo "2287"]
[PlyCount "87"]
[EventDate "2019.??.??"]
[BlackTeam "Sporting Cheminot Pratique Omnisport"]

1. d4 Nf6 2. Bf4 g6 3. Nc3 d5 4. Qd2 a6 5. f3 b5 6. g4 Bb7 7. h4 c5 8. e3 h5 9.
g5 Nfd7 10. Bh3 Bg7 11. Bxb8 Rxb8 12. f4 cxd4 13. exd4 Nc5 14. Nf3 Ne4 15. Qe3
Qc7 16. Ne5 Nxc3 17. Qxc3 Qd6 18. Bd7+ Kf8 19. Bh3 e6 20. O-O Rc8 21. Qd2 Rc7
22. Rae1 Bc8 23. Rf2 Kg8 24. Bf1 Bf8 25. Bd3 b4 26. Qe3 Kg7 27. Bxg6 fxg6 28.
Qd3 Rh7 29. Qxg6+ Kh8 30. Qd3 Qd8 31. g6 Rhg7 32. Qf3 Kg8 33. Qxh5 Bd6 34. Ng4
Be7 35. Nh6+ Kf8 36. Nf7 Qe8 37. Qh8+ Rg8 38. Qh6+ Rg7 39. Kh1 Bf6 40. f5 Ke7
41. fxe6 Bxd4 42. Qf4 Bxf2 43. Qd6+ Kf6 44. e7+ 1-0

[Event "Rochefort Master 2019"]
[Site "Palais des CongrÃ¨s"]
[Date "2019.02.16"]
[Round "9.12"]
[White "Mariette, Lucas"]
[Black "Devallee, Jeremie"]
[Result "1/2-1/2"]
[WhiteElo "2185"]
[BlackElo "2317"]
[PlyCount "74"]
[EventDate "2019.??.??"]
[WhiteTeam "Club d'Echecs de Marennes-Oleron"]
[BlackTeam "C'Chartres Echecs"]

1. e4 e5 2. Nf3 d6 3. d4 exd4 4. Nxd4 Nf6 5. Nc3 Be7 6. Qf3 Nc6 7. Bb5 Bd7 8.
Bxc6 bxc6 9. e5 Nd5 10. Nxc6 Bxc6 11. Nxd5 Qd7 12. exd6 Qxd6 13. c4 Bxd5 14.
Qxd5 Qxd5 15. cxd5 O-O-O 16. Be3 Rxd5 17. Bxa7 c5 18. Bb6 Bd8 19. Bxd8 Re8+ 20.
Kf1 Rexd8 21. Rc1 Rd1+ 22. Ke2 R8d2+ 23. Ke3 Rd3+ 24. Ke4 Rd4+ 25. Ke3 R1d3+
26. Ke2 Rd2+ 27. Ke3 R4d3+ 28. Ke4 Rd5 29. Rc3 f5+ 30. Ke3 Rxb2 31. Rhc1 Rb5
32. Rd3 Rxd3+ 33. Kxd3 Kd7 34. a4 Rb3+ 35. Rc3 Rb2 36. Rc2 Rb3+ 37. Rc3 Rb2
1/2-1/2

[Event "Rochefort Master 2019"]
[Site "Palais des CongrÃ¨s"]
[Date "2019.02.16"]
[Round "9.13"]
[White "Saada, Julien"]
[Black "Lucas, Arthur"]
[Result "0-1"]
[WhiteElo "2281"]
[BlackElo "2178"]
[PlyCount "180"]
[EventDate "2019.??.??"]
[WhiteTeam "Poitiers-Migne Echecs"]
[BlackTeam "Cercle d'Ã©checs des Sables d'Olonne"]

1. d4 g6 2. e4 Bg7 3. Nf3 d6 4. Be2 a6 5. O-O Nd7 6. Re1 b6 7. Nc3 Bb7 8. Bf1
e6 9. Bg5 Ne7 10. Qd2 h6 11. Be3 Kf8 12. h3 Kg8 13. Rad1 Kh7 14. Bf4 g5 15. Bh2
Ng6 16. d5 Re8 17. dxe6 fxe6 18. Nd4 Qf6 19. Be2 Rf8 20. Bg4 Rae8 21. Rf1 Nde5
22. Bh5 Re7 23. Bxe5 Nxe5 24. Qe2 c5 25. Nf3 Nxf3+ 26. Bxf3 Qf4 27. Qd2 Be5 28.
Qxf4 Rxf4 29. Ne2 Rf8 30. c3 Kg6 31. Nc1 h5 32. Rfe1 Rd8 33. Re2 Red7 34. g3
Bg7 35. Red2 Bh6 36. Re2 Bg7 37. Bg2 g4 38. f3 gxf3 39. Bxf3 Rf8 40. Bg2 Be5
41. Re3 Bg7 42. Ne2 Be5 43. Red3 Kf7 44. h4 Ke7 45. Rf1 Rxf1+ 46. Kxf1 Rd8 47.
Bf3 Rf8 48. Kg2 Bc6 49. Re3 Be8 50. c4 b5 51. b3 Bg6 52. Rd3 Rb8 53. Nf4 Bxf4
54. gxf4 bxc4 55. bxc4 Rb2+ 56. Kg3 Rxa2 57. Rb3 Ra4 58. Rb7+ Kf6 59. Rb6 Rxc4
60. Rxd6 Bxe4 61. Bxh5 Rc3+ 62. Kf2 a5 63. Ra6 Ra3 64. Bg4 Bf5 65. Be2 Ra2 66.
Ke3 a4 67. Ra5 Ra3+ 68. Kf2 Ra2 69. Ke3 Ra3+ 70. Kf2 Rh3 71. Rxa4 Rxh4 72. Ke3
Rh3+ 73. Kd2 Ke7 74. Ra6 Be4 75. Bg4 Rh2+ 76. Ke3 Bd5 77. f5 exf5 78. Bxf5 Rh4
79. Bb1 Kd7 80. Ba2 Rh3+ 81. Kf4 Bxa2 82. Rxa2 Kc6 83. Ke4 Kb5 84. Ra8 Kb4 85.
Rb8+ Kc4 86. Rc8 Rh7 87. Ke3 Rd7 88. Ke2 Kb4 89. Rb8+ Kc3 90. Rb1 Kc2 0-1

[Event "Rochefort Master 2019"]
[Site "Palais des CongrÃ¨s"]
[Date "2019.02.16"]
[Round "9.14"]
[White "Harutyunyan, Safar"]
[Black "Guidarelli, Laurent"]
[Result "0-1"]
[WhiteElo "2117"]
[BlackElo "2465"]
[PlyCount "102"]
[EventDate "2019.??.??"]
[WhiteTeam "Echiquier Club Le Mans"]
[BlackTeam "L'Echiquier du Roy RenÃ©"]

1. e4 e5 2. Nf3 Nc6 3. Bb5 a6 4. Ba4 Nf6 5. O-O b5 6. Bb3 Bc5 7. a4 Rb8 8. axb5
axb5 9. Nxe5 Nxe5 10. d4 Bxd4 11. Qxd4 d6 12. f4 Nc6 13. Qd3 O-O 14. Nc3 Re8
15. Be3 Bb7 16. Nxb5 Rxe4 17. Nc3 Re8 18. Rfe1 Qd7 19. Nd5 Nxd5 20. Qxd5 Ne5
21. Qd2 Ng6 22. Ba4 Bc6 23. b3 Re4 24. Bxc6 Qxc6 25. g3 h5 26. Bd4 Rbe8 27.
Rxe4 Qxe4 28. Bf2 Qf5 29. Re1 Rxe1+ 30. Bxe1 Qe4 31. Bf2 h4 32. Qd3 Qc6 33. Qe2
h3 34. Bd4 Ne7 35. Kf1 Qh1+ 36. Bg1 Nd5 37. c4 Nc3 38. Qe8+ Kh7 39. Qe3 Qg2+
40. Ke1 Qc2 41. Qe7 f5 42. Qh4+ Kg6 43. Qg5+ Kf7 44. Qh5+ Ke7 45. Qg5+ Kd7 46.
Qxg7+ Kc6 47. Qe7 Qd1+ 48. Kf2 Ne4+ 49. Ke3 Qd2+ 50. Kf3 Qd3+ 51. Be3 Qd1# 0-1

[Event "Rochefort Master 2019"]
[Site "Palais des CongrÃ¨s"]
[Date "2019.02.16"]
[Round "9.15"]
[White "Zachary, Matheo"]
[Black "David, Bogdan-Emanuel"]
[Result "1-0"]
[WhiteElo "2294"]
[BlackElo "2190"]
[PlyCount "87"]
[EventDate "2019.??.??"]
[WhiteTeam "Mulhouse Philidor"]
[BlackTeam "Club d'Echecs de Sautron"]

1. d4 d6 2. Nf3 g6 3. g3 Bg7 4. Bg2 Nd7 5. O-O e5 6. c4 Ne7 7. Nc3 O-O 8. dxe5
dxe5 9. Qc2 Nc6 10. Bg5 f6 11. Be3 Nb6 12. Bc5 Rf7 13. Rfd1 Qe8 14. Nd5 Bf8 15.
b4 Nxd5 16. cxd5 Nxb4 17. Qc4 Bxc5 18. Qxc5 Na6 19. Qc4 Qf8 20. Rab1 Nc5 21.
Nd2 b6 22. Nb3 Ba6 23. Qc2 Nxb3 24. Qxb3 Qd6 25. Rbc1 Bb7 26. Rc6 Qd7 27. Re6
Kg7 28. Bh3 Rd8 29. e4 Bc6 30. Rxf6 Rxf6 31. Bxd7 Bxd7 32. Qc3 Re8 33. Qxc7 Rf7
34. Qc3 Bg4 35. Re1 Kg8 36. d6 Ref8 37. Qxe5 Rxf2 38. Qd5+ R2f7 39. Rf1 Bh3 40.
Rf4 Kg7 41. Kf2 h6 42. Ke3 g5 43. Rxf7+ Rxf7 44. e5 1-0

[Event "Rochefort Master 2019"]
[Site "Palais des CongrÃ¨s"]
[Date "2019.02.16"]
[Round "9.16"]
[White "Vidal, Llewellyn"]
[Black "Hill, Alistair"]
[Result "1-0"]
[WhiteElo "2280"]
[BlackElo "2152"]
[PlyCount "29"]
[EventDate "2019.??.??"]
[WhiteTeam "Echecs Club Montpellier"]

1. c4 Nf6 2. Nc3 c5 3. g3 d5 4. cxd5 Nxd5 5. Bg2 Nb6 6. e3 g6 7. Nge2 Bg7 8. d4
cxd4 9. Nxd4 O-O 10. O-O e5 11. Nde2 Qe7 12. e4 Nc6 13. Be3 Qb4 14. a3 Qxb2 15.
Ra2 1-0